| 000 | 00523nam a2200169Ia 4500 | ||
|---|---|---|---|
| 003 | GCL | ||
| 008 | 140319s9999 xx 000 0 ara d | ||
| 040 |
_aGCL / _cGCL |
||
| 082 | 0 | 4 |
_a896 _bب ا |
| 100 | 1 | _aباتون، الان | |
| 245 | 1 | 0 |
_aابك يا بلدى الحبيب / _cباتون، الان |
| 700 | 1 | _aمرعشلى, نديم (مترجم) | |
| 490 |
_aالهيئة العامة للاستعلامات _v0 |
||
| 650 | 0 | 4 | _aالادب الافريقى |
| 650 | 0 | 4 | _aالقصص الادبية |
| 942 |
_2ddc _cBK |
||
| 999 |
_c47337 _d47337 |
||